000 02561nam a22003617a 4500
001 103219
003 KnowledgeUnlatched
005 20210303105020.0
006 m o d
007 cr u||||||||||
008 210129p20172019xx o u00| u fre d
037 _5BiblioBoard
245 0 3 _aLe mythe Néron
_bLa fabrique d'un monstre dans la littérature antique (Ie-Ve s.) /
_cLaurie Lefebvre.
020 _a9782757428023
024 8 _ahttps://doi.org/10.4000/books.septentrion.37662
029 1 _ahttps://library.biblioboard.com/ext/api/media/fd78ab16-623e-4a6d-b1e0-11633a80812a/assets/thumbnail.jpg
040 _aScCtBLL
_cScCtBLL
100 1 _aLefebvre, Laurie
_eauthor.
264 1 _bPresses universitaires du Septentrion,
300 _a1 online resource (1 p.)
506 0 _aAccess copy available to the general public.
_fUnrestricted
_2star
520 _aDans l'imaginaire collectif, Néron est à jamais figé dans la posture du tyran dépravé, meurtrier, incendiaire : un mythe s'est forgé, éternel et persistant. C'est précisément cette mythologie que l'auteur se propose de décoder. Car parallèlement à l'effacement des traces visibles de la mémoire du prince, les auteurs antiques, tant païens que chrétiens, se sont employés à reconstruire son histoire, jusqu'à ce que Néron, dépouillant son enveloppe d'individu historique, devînt une figure emblématique, incarnation de la tyrannie et de la monstruosité elles-mêmes. Enquête sur les codes philosophiques, rhétoriques ou littéraires qui ont contraint la réécriture de l'histoire du dernier Julio-claudien, l'ouvrage se propose aussi de suivre les mutations de cette figure au cours de l'Antiquité, au gré des erreurs de lecture, des confusions, des manipulations narratives ou des tentatives d'adaptation de la geste néronienne aux préoccupations du temps. Toute une mythographie se fait jour.
588 0 _aDescription based on print version record.
590 _aOpenEdition Books Select 2018: HSS Backlist Books
650 7 _aLiterary Criticism
_2bisacsh
650 0 _aLiterature
_xHistory and criticism
655 0 _aElectronic books.
758 _iIs found in:
_aKnowledge Unlatched
_1https://openresearchlibrary.org/module/2774bc74-146a-484f-a7ba-ab1d6a09bbfb
856 4 0 _uhttps://openresearchlibrary.org/content/fd78ab16-623e-4a6d-b1e0-11633a80812a
_zView this content on Open Research Library.
_70
999 _c33261
_d33261